Candidats de Koh-Lanta : la tribu maudite - Statistiques

Statistiques générales
  • Ce quiz a été pris 318 fois
  • Le résultat moyen est 17 sur 24
Statistiques - réponses
Réponse % Correct
Ugo
97%
Frédéric
95%
Gustin
92%
Cassandre
83%
Charlotte
79%
Ilyesse
77%
Jacques
77%
Thibault
77%
Cécile
76%
Cécile
76%
Nathanaël
73%
Lola
72%
Sarah
68%
Sophia
66%
Emmanuelle
64%
Maxim
63%
Michel
63%
Mélissa
61%
Vanessa
60%
Alexandre
58%
Ari
58%
Fabrice
58%
Maud
57%
Marie
43%
Aucun quiz correspondant
Distribution des résultats
% des personnes avec chaque résultat
Percentile par nombre de réponses
Votre historique - résultats
Vous n’avez pas pris ce quiz